[Event "Foros Aerosvit 3rd"]
[Site "Foros"]
[Date "2008.06.19"]
[Round "11"]
[White "Svidler, Peter"]
[Black "Van Wely, Loek"]
[Result "1/2-1/2"]
[WhiteElo "2746"]
[BlackElo "2677"]
[Annotator "Van Wely,L"]
[PlyCount "74"]
[EventDate "2008.06.08"]
[EventType "tourn"]
[EventRounds "11"]
[EventCountry "UKR"]
[EventCategory "19"]
[SourceTitle "CBM 125"]
[Source "ChessBase"]
[SourceDate "2008.07.30"]
[SourceVersion "1"]
[SourceVersionDate "2008.07.30"]
[SourceQuality "1"]

1. e4 c5 2. Nf3 d6 3. d4 cxd4 4. Nxd4 Nf6 5. Nc3 a6 6. Be3 e5 7. Nb3 Be6 8. f3
Be7 9. Qd2 O-O 10. O-O-O Nbd7 11. g4 b5 12. g5 b4 {Although I still think
White should be doing very well in this line (and even worse, I don't believe
in it!), first of all it is not easy to prove this at all (but this day will
come, don't you worry) and secondly I have to confess, it's probably the only
line of the Najdorf which I know extremely well, so what to do? I know I am a
sitting duck, but still...} 13. Ne2 Ne8 14. f4 a5 15. f5 a4 ({Recently} 15...
Bxb3 16. cxb3 a4 {became fashionable... me however preferred to stick to my
guns.}) 16. Nbd4 exd4 17. Nxd4 b3 18. Kb1 bxc2+ 19. Nxc2 Bb3 20. axb3 axb3 21.
Na3 Ne5 22. h4 Ra4 23. Qc3 $6 {This move had been suggested by the rybka-team
to Peter during the Wch in Mexico City. This made Peter confident enough, that
he didn't bother to check it too deeply. However, a few (logical) moves later
he started to regret this very much. Peter's first try had much more venom.
Darwin where are you when we need you?} (23. Rh3 {was how Peter played against
me in Foros 2006 and I was worse after} Rxe4 24. Qg2 Rg4 25. Qb7 Qd7 26. Qxd7
Nxd7 {and now for example} 27. Be2 Rb4 28. Bd2 $16) (23. Qg2 {This was Alexei
Shirov's try against me in Wijk aan Zee 2007, but he was unlucky that he ran
into some very deep preparation:} Qa8 24. f6 Bd8 25. Bd4 Nc7 26. fxg7 Kxg7 27.
h5 $6 (27. Bc4 Rxc4 $1 28. Nxc4 Qa2+ 29. Kc1 Ne6 $1 30. Bc3 Kg8 $1 {and Black
will get a very nasty initiative.}) 27... Ne6 28. g6 $2 (28. Bxe5+ dxe5 29. g6
{was still playable.}) 28... Rxd4 29. h6+ Kf6 $1 30. Rxd4 Nxd4 31. g7 Rg8 {
and Black was just a piece up.}) 23... Qa8 24. Rd4 Rxd4 25. Qxd4 Nc7 26. Rh3 (
26. h5 Bxg5 $3 27. Bxg5 Nf3) 26... Rb8 27. Bf2 {"Forced" since other moves
"allow" Black to make a draw....} (27. h5 Nc6 28. Qd2 (28. Qd1 Ne5 29. Rh4 (29.
Qd4 $11) 29... d5 $40 (29... h6 $1)) 28... Ne5 29. Qd4 $11 ({or playing for a
win with} 29. Qg2 d5 30. g6 Bxa3 31. gxf7+ Kxf7 (31... Nxf7 32. bxa3 Qxa3 33.
h6 (33. Rg3 Kh8) 33... Nxh6 34. Bxh6 Qa2+ 35. Qxa2 bxa2+ 36. Kxa2 gxh6 37. e5
Re8 38. Re3 $16) 32. bxa3 Qxa3 {could be very risky, although my silicon
friend thinks this position is still rather balanced, this is pretty
irrelevant during the game.})) 27... Nc6 28. Qd1 Qa4 29. Rc3 $2 {Too slow,
either White had to try to remove b3 as soon as possibble, or to distrub Black
on the kingside.} (29. f6 $5 gxf6 30. gxf6 Bxf6 31. Bc4 $13) (29. Bc4 Na5 (
29... d5 {was my original intention, but after} 30. Rxb3 Bf8 {the point} 31.
exd5 Na5 32. d6 $1 {Black is just lucky to make a draw:} Nxc4 33. Nxc4 Rxb3 34.
dxc7 Qxc4 35. Qc2 Qf1+ 36. Ka2 Rb5 37. c8=Q Ra5+ 38. Kb3 Rb5+ 39. Kc3 Qh3+ $1
40. Kd2 Rd5+ 41. Ke2 Re5+ $11) 30. Qd4 (30. Bd5 $6 {the move I was worried
about,} {but} Nb5 $1 31. Nxb5 (31. Qe2 Nxa3+ 32. bxa3 Qxa3 33. Bd4 Qa4 34. Bc3
$13) 31... Rxb5 32. Qd3 Rb4 33. Kc1 Nc4 34. Qb1 Ne5 $40) 30... Rb4 31. Rc3 d5
32. exd5 Nxc4 33. Rxc4 Rxc4 34. Qxc4 Qd7) 29... d5 $1 {Taking on e4 would not
have been in the spirit of the game, Black is aiming for more: the white
monarch!} 30. Qc1 $2 {Losing, but in the heat of the battle difficult to see.}
Bxa3 $2 {After the game when analysing with Peter, he made a very bright
remark that he wasn't even sure he was threatening to take on c6.
Paradoxically, in a position where the price of time is high and where White
has piled up his pieces on the c-file, Black should have forced White to take
some pieces off the c-file!} ({Later when double-checking the game with the
silicon beast, after some time he indeed came up with} 30... Bb4 $3 31. Rxc6
Bxa3 32. Rxc7 (32. bxa3 b2 {- the idea is that a3 isn't covered anymore!})
32... Qxe4+ 33. Ka1 Bf8 34. Ra7 Qc2 $1 35. Be3 Bc5 $1 {- very nice geometry!})
31. bxa3 b2 32. Qc2 Nb5 $1 {But only good enough for a draw. It looks
dangerous, but with accurate play White can neutralize Black's threats.} 33.
Bxb5 Qxb5 34. Be1 $1 (34. Qd3 Qxd3+ 35. Rxd3 dxe4 36. Re3 Re8 37. Re2 {would
cause White only trouble after} (37. Kxb2 Nd4 $15) 37... h6 $1 38. gxh6 (38.
Kxb2 hxg5 39. hxg5 Re5) 38... gxh6 39. Kxb2 Kg7) 34... Qf1 35. Qf2 Qb5 36. Qc2
Qf1 37. Qf2 Qb5 1/2-1/2

[Event "Breda m"]
[Site "Breda"]
[Date "1998.05.18"]
[Round "10"]
[White "Timman, Jan H"]
[Black "Van Wely, Loek"]
[Result "1/2-1/2"]
[WhiteElo "2635"]
[BlackElo "2605"]
[Annotator "Van Wely,L"]
[PlyCount "67"]
[EventDate "1998.05.07"]
[EventType "match"]
[EventRounds "10"]
[EventCountry "NED"]
[SourceTitle "CBM 065"]
[Source "ChessBase"]
[SourceDate "1998.08.06"]
[SourceVersion "1"]
[SourceVersionDate "1998.08.06"]
[SourceQuality "1"]

1. e4 c5 2. Nf3 d6 3. d4 cxd4 4. Nxd4 Nf6 5. Nc3 a6 6. Be3 e5 7. Nb3 Be6 8. f3
Be7 9. Qd2 Nbd7 10. g4 h6 11. O-O-O b5 12. Kb1 Nb6 13. Qf2 Nc4 14. Bxc4 bxc4
15. Nc5 Qc7 16. N5a4 Rb8 17. h4 Qc6 (17... Nd7 $5 18. Nd5 Bxd5 19. Rxd5 O-O $13
) 18. g5 Nd7 19. gxh6 gxh6 20. Qd2 (20. h5 $142 {Timman}) 20... h5 21. Ka1 Nf8
22. Qf2 Ng6 (22... Bd8 23. f4 $1 Bg4 24. Rd5 $1 $16) 23. Nb6 Bxh4 $2 (23...
Nxh4 24. Rxh4 (24. Nbd5 $5 Ng6 $44) (24. f4 $5 exf4 25. Bd4 Rg8 $44) 24... Rxb6
25. Bxb6 Bxh4 26. Qxh4 Qxb6 $15) 24. Rxh4 Nxh4 25. Qxh4 Rxb6 26. f4 $3 exf4 27.
Bxb6 $2 (27. Qxf4 $1 Rg8 28. Nd5 $1 Rb8 (28... Bxd5 29. exd5 Qb5 30. Bd4 $1 $40
{+-}) 29. Nf6+ Ke7 30. Qh4 Rg6 $8 31. e5 $18 (31. Bf4)) 27... Qxb6 28. Nd5 Bxd5
29. exd5 Rg8 $1 $11 30. Re1+ Kd7 31. Qxf4 Rg1 32. Qxf7+ Kc8 33. Qe8+ Kc7 34.
Qe7+ 1/2-1/2

[Event "Saint Quentin op 4th"]
[Site "Saint Quentin"]
[Date "2001.04.21"]
[Round "8.1"]
[White "Apicella, Manuel"]
[Black "Gerard, Nicolas"]
[Result "1/2-1/2"]
[WhiteElo "2518"]
[BlackElo "2320"]
[Annotator "Verat,L"]
[PlyCount "54"]
[EventDate "2001.04.15"]
[EventType "swiss"]
[EventRounds "9"]
[EventCountry "FRA"]
[SourceTitle "EXT 2002"]
[Source "ChessBase"]
[SourceDate "2001.11.25"]
[SourceVersion "1"]
[SourceVersionDate "2001.11.25"]
[SourceQuality "1"]

1. e4 c5 2. Nf3 d6 3. d4 cxd4 4. Nxd4 Nf6 5. Nc3 a6 6. Be3 e5 7. Nb3 Be6 8. f3
h5 {Comme dans sa partie contre Habu, Nicolas Gerard montre qu'il est tres
friand du coup ...h5 dans la Sicilienne ! A noter que dans les deux cas le MF
Francais a suivi une idee du GMI Russe Konstantin Sakaiev, qui doit
probablement etre son idole !} 9. Qd2 Nbd7 10. Nd5 Bxd5 11. exd5 g6 12. Na5 Qc7
13. Be2 Ng8 14. O-O $146 (14. Qb4 Bh6 15. Bf2 Ngf6 16. c4 O-O 17. O-O Rae8 18.
Kh1 Bf4 19. Rad1 e4 {avec une position complexe: Tiviakov-Tisdall, Djakarta
1997. Manuel Apicella a une idee differente et interessante, meme si elle
implique d'accepter l'echange des Fous de cases noires.}) 14... Bh6 15. b4 $5
Bxe3+ 16. Qxe3 Ne7 (16... Ngf6 17. c4 {serait beaucoup moins precis. Depuis e7,
le Cavalier peut au moins esperer sauter en d4 via f5.}) 17. c4 Nf5 18. Qf2 Nd4
19. Bd3 {Les noirs ont realise leur premier objectif strategique, mais
attention, les blancs sont prets desormais a jouer f4!, minant les fondations
de la position adverse.} f5 {(58'-39')} 20. f4 b6 {Plutot que de determiner
trop rapidement la position de son Roi, qui ne serait guere a l'abri en
roquant d'un cote comme de l'autre, les noirs initient une sequence tactique.}
21. fxe5 (21. Nb3 Nxb3 22. axb3 e4 {permettait aux noirs de fermer la position.
}) 21... Nxe5 22. Qxd4 bxa5 23. a3 ({Apres une longue reflexion, le GMI
Francais decide de garder le controle des cases noires, et en particulier de
la case c5. L'alternative etait d'essayer de creer immediatement un pion passe
en b5 :} 23. b5 $5 O-O (23... Qc5 $2 24. Qxc5 dxc5 25. Rfe1 $18) (23... axb5 {
a le desavantage d'ouvrir la colonne c :} 24. cxb5 {suivi de 25.Tfc1 avec
avantage}) 24. Rab1 (24. b6 $6 Qc5 $1 25. Qxc5 dxc5 26. Rfd1 Rab8 27. Rab1 Rf6
28. b7 Rf7 29. Rb6 Rfxb7 30. Rxa6 {avec une finale compliquee}) 24... Nd7 (
24... Rab8 25. bxa6 $1 Nxd3 (25... Qc5 26. Qxc5 dxc5 27. Be2 $16) 26. Qxd3 Qa7+
27. Kh1 Qxa6 28. Rbe1 $1 $16) (24... Rfb8 25. b6 Qc5 26. Qxc5 dxc5 27. Rfd1 $14
) 25. b6 Qc5 26. Qxc5 Nxc5 27. Bc2 $14) 23... O-O 24. Be2 axb4 25. axb4 a5 {
(1,27-1,24)} 26. b5 Nd7 (26... Qc5 $2 {serait le bienvenu s'il n'y avait pas}
27. Qxc5 dxc5 28. Ra4 $1 {suivi de 29. Tfa1, gagnant le pion a5. Il semblerait
neanmoins, apres le recul du Cavalier en d7, que la strategie de blocage du
complexe de cases b6-c5 ait reussi...}) 27. Kh1 Nc5 {Nulle sur proposition de
Nicolas Gerard. La position restait assez complexe apres 28.Ta3, coup
qu'allait jouer Manuel.} 1/2-1/2

[Event "Poikovsky Karpov 19th"]
[Site "Poikovsky"]
[Date "2018.06.04"]
[Round "8"]
[White "Vidit, Santosh Gujrathi"]
[Black "Korobov, Anton"]
[Result "1-0"]
[WhiteElo "2707"]
[BlackElo "2678"]
[Annotator "Vidit,S"]
[PlyCount "113"]
[EventDate "2018.05.27"]
[EventType "tourn"]
[EventRounds "9"]
[EventCountry "RUS"]
[EventCategory "18"]
[SourceTitle "CBM 185"]
[Source "ChessBase"]
[SourceDate "2018.07.13"]
[SourceVersion "1"]
[SourceVersionDate "2018.07.13"]
[SourceQuality "1"]

{I have played against Korobov countless number of times. Each game being very
fighting but always ending in draw. In the last 4 games, 3 of them were over
80 moves! I was happy to finally break the 'tradition' with this game.} 1. e4
c5 2. Nf3 d6 3. d4 cxd4 4. Nxd4 Nf6 5. Nc3 a6 6. Be3 e5 7. Nb3 Be6 8. f3 h5 9.
Nd5 Bxd5 10. exd5 Nbd7 11. Qd2 g6 12. O-O-O Nb6 13. Kb1 Nbxd5 14. Bg5 Be7 15.
Bd3 {Nothing new so far, though this is a rare move. Played only once before,
by one of the most polite persons I know, Peter Leko.} Rc8 {An 'automatic'
move. What does the rook do on c8? Black should either castle long or keep the
rook on a8 to prepare b5-a5 ideas.} (15... Qc7 16. Rhe1 O-O-O 17. c4 Nb6 18. c5
dxc5 19. Nxc5 Qxc5 20. Rc1 Nc4 21. Rxc4 Qxc4 22. Bxc4 Rxd2 23. Bxd2 Rh7 24.
Rxe5 $14 {½-½ (35) Leko,P (2679)-Areshchenko,A (2645) Schwaebisch Hall GER
2017}) 16. Rhe1 {Preparing ideas like f4.} O-O 17. h3 {For one pawn, I have
all the compensation. Perfect pieces plus a very clear plan of breaking
through on the kingside.} b5 (17... Qc7 18. g4 Rfe8 {is the engine's stone
cold suggestion. White has various possibilites here. I like the look of
c3-Bc2 threatening gxh5.}) 18. g4 h4 {Played after a lot of hesitation. It
wasn't easy to parry the threat of gxh5.} 19. Bxh4 $16 {It's hard to say where
Black actually went wrong. With a few sub optimal moves he already has a
difficult game.} Nf4 20. Bg3 Nxd3 21. Qxd3 Qc7 {White has a couple of plans.
h4-h5, preparing f4, or simply re-routing the knight from d2. I was too
confused to chose one of them so ended up playing a 4th idea! The luxury of
good positions :)} 22. c3 (22. h4 $1 {Objectively this seems the best.} Qc4 23.
Qd2 b4 24. h5 $16) 22... Qc4 23. Qd2 Qc6 24. f4 $6 {Although White keeps an
edge. It allows some unnecessary complications.} (24. Qe3 $1 {Slowly preparing
f4 is more advisable.}) 24... Ne4 25. Qd3 d5 $5 {A typical Korobov move! Anton
never misses a chance to muddy the waters.} (25... Nxg3 26. Qxg3 b4 $1 {
I had missed this.} (26... Bf6 27. f5 $1) (26... exf4 27. Qxf4 Rce8 28. Nd4 $16
) 27. cxb4 Qc2+ 28. Ka1 Bf6 {was a brilliant way out. Suddenly Black has a lot
of activity.} 29. f5 e4 30. Rb1 $14) 26. fxe5 b4 27. cxb4 Bxb4 {For a moment I
thought that I had messed up. When I dug deeper, I realised that although
Black's initiative with ...a5-...Qb6 etc is scary, it can be parried
concretely.} 28. Re2 $1 a5 29. Bf4 $1 {An important move. White threatens to
take on d5} Qb6 {Renewing the threat of ...a4.} (29... a4 30. Qxd5 $16) 30. a4
$1 {Probably the most important move of the game. This caught Anton by
surprise and he went into deep thought. If White manages to play Qb5 it's just
winning. What should Black do? His entire play was dependent on dislodging the
b3-knight.} (30. Qxd5 Rfd8 $1 $19) 30... g5 {A sign of desperation. Now White
is completely winning. A normal person would convert this with good technique
but I sometimes have a tendency not to do exactly that!} (30... Nc3+ 31. bxc3
Rxc3 32. Qxd5 Be7 {Preparing ...Rd8 and attacking the b3-knight at the same
time} 33. Rd3 $1 {And White protects everything.}) (30... Bc3 $1 31. Qb5 $1 Rb8
$1 {The only move! During the game, we both underestimated this.} 32. e6 Qxb5
33. axb5 Rxb5 34. e7 Re8 35. Rxe4 $1 Rxb3 (35... dxe4 36. Rd8 $18) 36. Rxd5 f6
$1 (36... Rxb2+ 37. Kc1 f6 38. Rd8 Kf7 39. Bd6 $18 {with idea Rc4-Rcc8 etc})
37. Kc2 Rb4 {After a series of only moves Black has some chances to draw this
endgame.} 38. Re3 $14) 31. Be3 Qg6 32. Ka2 (32. Nd4 $5 $18) 32... Rfd8 33. Nd4
{Black basically has no 'real' counterplay. He has to survive on some tricks.}
Rc4 34. Rc2 $1 {Removing the only active piece.} Qa6 35. Nb5 $6 (35. Rdc1 {
would be game over for Black:} Rdc8 (35... Bd2 36. Rxd2 $1) (35... Bc3 36. Rxc3
$1) 36. Rxc4 Rxc4 37. Rxc4 Qxc4+ 38. Qxc4 dxc4 39. Nc6 $18) 35... Be7 $1 {
Posing some practical problems.} 36. Rxc4 (36. Na3 $5) 36... dxc4 37. Qc2 Rxd1
38. Qxd1 Qe6 39. Qd4 $1 {Despite messing up the advantage a little, I managed
to bring myself back to making good moves.} Nc5 40. Nc3 $1 Nd3 41. Kb1 {
Getting myself out of the fork. The main problem of Black's position is that,
despite restoring material equality he has a tough time. Every endgame is bad
for him due to the weak pawns (a5-c4-g5).} (41. Nd5 Qxd5 {A classic tactic.}
42. Qxd5 Nb4+) 41... Nxe5 42. Qe4 {Planning Nd5 or Bd4.} (42. Qd5 $1 {was much
more forcing and cleaner. After exchanging queens White can easily collect one
of the weak pawns on the queenside.}) 42... Bb4 {Hard to suggest any
alternatives. It's not so easy to avoid queen exchanges.} (42... Bf6 43. Qd5 $1
) (42... Qd5) 43. Bd4 (43. Qd5 $5) 43... Bxc3 44. Bxc3 f6 45. Qa8+ Kf7 46. Qxa5
$1 {It looks like Black can get some counterplay with Nd3-Qe4, but it's all
illusory.} Nd3 47. Qb5 $1 Qe4 48. Ka2 $18 {White simply puts the king on a2.
Black can't co-ordinate the knight and queen to create any problems. White's
simple plan is to just push the a-pawn. The rest is easy.} Nc1+ 49. Ka3 Qe7+
50. Qb4 Qc7 51. a5 Nd3 52. Qb6 Qe7+ 53. Ka2 Nc1+ 54. Kb1 Qe4+ 55. Kxc1 Qh1+ 56.
Kd2 Qh2+ 57. Ke1 1-0

[Event "RUS-ch Higher League 61st"]
[Site "Novokuznetsk"]
[Date "2008.09.04"]
[Round "2"]
[White "Lintchevski, Daniil"]
[Black "Vitiugov, Nikita"]
[Result "0-1"]
[WhiteElo "2506"]
[BlackElo "2616"]
[Annotator "Vitiugov,N"]
[PlyCount "102"]
[EventDate "2008.09.03"]
[EventType "swiss"]
[EventRounds "11"]
[EventCountry "RUS"]
[SourceTitle "CBM 126"]
[Source "ChessBase"]
[SourceDate "2008.10.01"]
[SourceVersion "1"]
[SourceVersionDate "2008.10.01"]
[SourceQuality "1"]

{This game was played in the second round. I was in an aggressive mood, and
played for a win, in spite of having the black pieces. That's why I chose the
Najdorf.} 1. e4 c5 2. Nf3 d6 3. d4 cxd4 4. Nxd4 Nf6 5. Nc3 a6 6. Be3 e5 7. Nf3
{My opponent started playing this variation this year, so I had prepared very
well here.} Be7 8. Bc4 O-O 9. O-O Nc6 10. Qe2 Na5 {It was very easy for me to
play the opening in this game, because till the 23rd move we repeated the game
Movsesian - Areschenko (2006, Russian team championship). That year I played
with Sergey for "Finec", so I observed his games, and only now did I
understand - it was useful!} 11. Bb3 (11. Bd5 $5) 11... h6 12. Rfd1 Nxb3 13.
axb3 ({Another continuation was} 13. cxb3) 13... Qe8 14. Nd2 b5 $1 15. Nxb5 Bg4
16. f3 Qxb5 17. Qxb5 (17. c4 $5 {is also playable, but of course White hasn't
any advantage here.} Qd7 18. fxg4 Nxg4 19. Nf1 f5 $132) 17... axb5 18. fxg4
Nxg4 {This endgame looks very favourable for Black, and during this game I was
very optimistic about my position. But really I think, that it is something
like equal.} 19. Nf1 Rxa1 20. Rxa1 Rc8 (20... f5 {doesn't promise anything} 21.
exf5 d5 22. Bb6 Rf6 (22... Rxf5 23. h3 Nf6 24. Ra5) 23. Ba7 Rxf5 24. h3 Nf6 25.
Ra5 $132 (25. Ne3 Rf4)) 21. c3 Nf6 22. Ng3 d5 23. Ra5 $6 {This is too original.
} ({The best way was} 23. Nf5 Bf8 24. exd5 Nxd5 25. b4 $1 $13 (25. Rd1 $6 Nxe3
26. Nxe3 b4 {Movsesian - Areschenko, 2006.})) 23... b4 $1 {Simple and strong.
Now White had to play very accurately.} 24. Nf5 {Unlike on the previous move,
now Black has another opportunity.} (24. exd5 bxc3 25. bxc3 Rxc3 26. Nf5 Bb4 $1
(26... Bf8 27. Ra8 Nxd5 28. Nxh6+ gxh6 29. Bxh6 Kh7 30. Bxf8 Rxb3 $11) 27. Rb5
Rxb3 28. h3 g6 29. Ne7+ Kf8 30. Nc6 Rxe3 31. Rxb4 Nxd5 32. Rb5 $17) 24... Bd8
25. Rb5 (25. exd5 Bxa5 (25... bxc3 26. bxc3 Bxa5 27. Ne7+ Kh7 28. Nxc8 Nxd5 29.
b4 $1) 26. Ne7+ Kh7 27. Nxc8 Nxd5 $17) 25... bxc3 26. bxc3 g6 $1 {I think,
this move was the most difficult move in this game. Black sacrifices a pawn,
but now White's knight is out of play.} (26... Rxc3 27. Rb8 Nxe4 28. Rxd8+ Kh7
29. Rxd5 g6 30. Rxe5 gxf5 31. Bf4 Rxb3 $15) 27. Nxh6+ Kg7 28. Rb7 $2 {The most
simple, but losing continuation.} ({White could just struggle on without a
piece} 28. exd5 $5 Rxc3 29. Rb7 Rxe3 30. Nxf7 Ba5 31. Nxe5+ Kh6 32. Nc4 Re1+
33. Kf2 Bc3 $15) 28... Rc7 29. Rxc7 Bxc7 30. exd5 Nxd5 31. Bd2 f5 {It seems,
White underestimated the danger of this position.} 32. g4 $8 (32. c4 Bb6+ 33.
Kf1 Ne3+ 34. Ke2 Nxg2 $19) 32... e4 33. g5 (33. gxf5 e3 $19) 33... Bb6+ $2 $138
{I was in time trouble, and unfortunately I made a mistake} (33... e3 $1 34.
Bc1 (34. Be1 Nf4 35. Kf1 Nh3 $19) 34... Bb6 35. Kf1 Nf4 36. Ba3 e2+ 37. Ke1 Bg1
$19) 34. Kg2 $2 $138 {But my young opponent couldn't exploit his luck.} ({
The correct way was} 34. Kf1 $1 e3 35. Be1 Nf4 36. Bg3 Nd3 37. Ke2 Nc1+ 38. Kd1
Nxb3 39. Be5+ Kh7 40. Nf7 $13) 34... e3 35. Be1 Nf4+ 36. Kf3 Nh3 37. Bh4 Bd8 (
37... Ng1+ 38. Kg2 e2 39. Be1 $1 (39. Bf2 Nh3 $1 $19) 39... f4 40. Ng4 f3+ 41.
Kg3) 38. Kxe3 Nxg5 39. Nxf5+ gxf5 40. c4 ({I would prefer to begin with
another pawn} 40. b4 $5) 40... Bb6+ {With this move on the time control, Black
set a certain trap. But the young future grandmaster didn't think. For what?}
41. Kf4 $2 ({I think, that the position after} 41. Ke2 Ne6 42. b4 {is quite
drawish, though Black has some chances.}) 41... Kg6 $1 {Now Black has the
advantage again.} 42. Bg3 $2 Ne4 43. b4 Bc7+ 44. Kf3 Nxg3 $1 $19 {Maybe, this
nuance was overlooked by my opponent.} ({Only} 44... Nd2+ $2 {led to draw} 45.
Ke2 Bxg3 46. hxg3 Nxc4 47. b5 Kg5 48. Kf3 $11) 45. hxg3 Kg5 46. c5 Be5 $1 {
The last important move.} (46... Bd8 $2 47. b5 Be7 48. c6 Bd8 49. Ke3 Bb6+ 50.
Kf3 Bc7 51. Ke3 Kg4 52. Kd4 Kxg3 53. Kc5 f4 54. b6 Bxb6+ 55. Kxb6 f3 56. c7 f2
57. c8=Q f1=Q $11) 47. Ke3 {Already having stepped over the brink of defeat,
Daniil began to play very innovatively.} (47. b5 Bd4 48. c6 Bb6 $19) (47. c6
Bc7) 47... Bxg3 48. b5 Bh2 $1 49. Kf2 (49. Kd4 f4 50. b6 f3 51. Ke3 Kg4 $19)
49... Be5 {Where? Because of the previous five hours, Black has obviously
become tired.} (49... Bc7 $5 50. b6 Bd8 $19) 50. Ke3 Bc3 $5 (50... Bc7 $19) 51.
b6 Ba5 {Here my opponent resigned. Due to the strange manoeuvre of the black
bishop, White lacks only one tempo to save the game. I was lucky that evening!}
(51... Ba5 52. Kd4 f4 53. Kd5 (53. Kc4 f3 54. Kb5 Bd2 55. c6 f2 56. c7 f1=Q+)
53... f3 54. Kc6 Bd2 55. b7 Bf4 56. Kd7 f2 57. c6 f1=Q) 0-1